Estatísticas para Os 20 países mais populosos do mundo

Clique aqui para jogar o quiz

Estatísticas Gerais

  • Esse quiz foi jogado 657 vezes
  • A pontuação média é 16 de 20

Estatísticas das Respostas

PopulaçãoPaís% Correto
207.660.929Brasil
99%
1.372.470.000China
99%
1.278.160.000Indía
99%
325.719.178Estados unidos
98%
146.606.730Russia
96%
126.832.000Japão
92%
121.832.000México
92%
81.197.500Alemanha
91%
67.087.000França
89%
255.780.000Indonésia
89%
209.156.000Paquistão
85%
89.619.300Egito
82%
182.202.000Nigéria
82%
78.690.300Irã
79%
159.145.00Bangladesh
73%
77.695.000Turquia
73%
102.157.500Filipinas
64%
93.448.000Vietnã
60%
90.076.012Etiópia
56%
77.267.000República democrática do Congo
28%

Distribuição das Pontuações

Percentil de Números Respondidos

Porcentagem de Pessoas com Cada Pontuação

Sua Pontuação Histórica

Você não jogou esse quiz